00293nam a2200121Ia 4500008004100000041001200041082001100053100001800064245003400082260003500116300000800151650001200159221030s9999 xx 000 0 und d aEnglish a105.23 aL. R. Hubbard 4aThe Creation of Human Ability bNew Era Pub.aCaliforniac2007 a529 aGeneral